| 000 | 01003cam a2200289Ma 4500 | ||
|---|---|---|---|
| 001 | catmouse00gras | ||
| 003 | CaSfIA | ||
| 005 | 20230525154930.0 | ||
| 007 | cr|||| | ||
| 008 | 010430s1964 nyu 000 1 eng d | ||
| 010 | _a 63013499 | ||
| 040 |
_aZZAND _bspa _cZZAND _dOCLCQ _dCaSfIA |
||
| 035 | _a(OCoLC)318227208 | ||
| 041 | 1 |
_aeng _hger |
|
| 043 | _ae-pl--- | ||
| 082 | 0 | 4 |
_a833.914 _bG617 _bZ351 _220 ed. |
| 100 | 1 |
_aGrass, Günter, _d1927- |
|
| 245 | 1 | 0 |
_aCat and mouse / _h[electronic resource] _cGünter Grass ; translated by Ralph Manheim. |
| 260 |
_aNew York : _bNew American Library, _cc1963. |
||
| 300 |
_a127 p. ; _c18 cm. |
||
| 440 | 0 | _aA Signet Book | |
| 500 | _aKatz und maus. | ||
| 650 | 1 | 4 |
_aNovela alemana _ySiglo XX. |
| 856 | 4 | 1 |
_uhttp://www.archive.org/details/catmouse00gras _zFree eBook from the Internet Archive |
| 856 | 4 | 2 |
_uhttp://www.openlibrary.org/books/OL24202918M _zAdditional information and access via Open Library |
| 999 |
_c20154 _d20154 |
||